00597 2200193 4500001002100000005001500021035002000036007000300056008003900059082000700098084001300105100002000118245015600138250001000294260004600304300002600350600001200376990001500388INLIS00000000000988320260414093639 a0010-0426000226ta260414 | | |  a23 a23 DAN p0 aDANIEL TJINDERA1 aPENERAPAN MODEL PROBLEM SOLVING BERBANTUAN SIMULASI PHET UNTUK MENINGKATKAN HASIL BELAJAR MATEMATIKA SISWA KELAS IV B SDN 5 PANARUNG /cDANIEL TJINDERA aCet 1 aPalangka Raya :bPerpustakaan UMPR,c2025 axiii, 83 hlm :bilus. 4aSKRIPSI a2223025652